[Event "TCh-RUS Premier 2019"]
[Site "Sochi RUS"]
[Date "2019.05.01"]
[Round "1.1"]
[Board "1"]
[White "Chigaev, Maksim"]
[Black "Lobanov, Sergei"]
[Result "1-0"]
[WhiteTitle "GM"]
[BlackTitle "IM"]
[WhiteElo "2637"]
[BlackElo "2513"]
[WhiteTeam "Molodezhka (Tyumen region)"]
[BlackTeam "SShOR (St. Petersburg)"]
[WhiteFideId "4108116"]
[BlackFideId "24183750"]
[EventDate "2019.05.01"]

1. e4 e5 2. Nf3 Nc6 3. d4 exd4 4. Nxd4 Nf6 5. Nxc6 bxc6 6. e5 Qe7 7. Qe2 Nd5 8.
c4 Ba6 9. b3 g6 10. Ba3 d6 11. exd6 Qxe2+ 12. Bxe2 Bg7 13. cxd5 Bxe2 14. Kxe2
Bxa1 15. Rc1 O-O-O 16. f4 c5 17. Bxc5 Kb7 18. Nd2 cxd6 19. Be3 Bg7 20. Nc4 Ka6
21. a4 Rhe8 22. Kd3 Rb8 23. Rb1 Rbc8 24. Bg1 f5 25. b4 Rxc4 26. Kxc4 Re4+ 27.
Kb3 Bd4 28. Bxd4 Rxd4 29. Re1 Kb6 30. Kc3 Rxf4 31. Re6 Kc7 32. Re7+ Kb6 33. Rd7
a5 34. Rxd6+ Kc7 35. Rc6+ Kd7 36. bxa5 Rxa4 37. a6 f4 38. Kb3 Ra1 39. h4 Ra5 40.
Kc4 Ra2 41. Kd4 Rxg2 42. Rf6 Ra2 43. Ke5 f3 44. a7 Ke8 45. d6 Rxa7 46. Ke6 g5
47. hxg5 Rg7 48. Rxf3 Rg6+ 49. Rf6 Rg7 50. Kf5 Kd7 51. Kg4 Kc6 52. Kh5 Kd5 53.
Kh6 Ra7 54. Rf8 Kxd6 55. Rh8 Ke6 56. Rxh7 Ra1 57. Kg6 Rg1 58. Ra7 1-0

[Event "TCh-RUS Premier 2019"]
[Site "Sochi RUS"]
[Date "2019.05.01"]
[Round "1.1"]
[Board "2"]
[White "Usmanov, Vasily"]
[Black "Paravyan, David"]
[Result "0-1"]
[WhiteTitle "IM"]
[BlackTitle "GM"]
[WhiteElo "2437"]
[BlackElo "2610"]
[WhiteTeam "SShOR (St. Petersburg)"]
[BlackTeam "Molodezhka (Tyumen region)"]
[WhiteFideId "4135741"]
[BlackFideId "4194985"]
[EventDate "2019.05.01"]

1. d4 Nf6 2. c4 g6 3. Nc3 d5 4. cxd5 Nxd5 5. Bd2 Bg7 6. e4 Nxc3 7. Bxc3 O-O 8.
Qd2 b6 9. Bc4 Bb7 10. f3 e6 11. Ne2 Qh4+ 12. g3 Qe7 13. O-O Rd8 14. Qe3 a5 15.
Rfd1 c6 16. a3 Na6 17. Rac1 Nc7 18. Be1 Na6 19. Bf2 c5 20. Qb3 Rd6 21. e5 Rdd8
22. f4 Qc7 23. d5 a4 24. Qf3 b5 25. Ba2 c4 26. Nc3 Qa5 27. Qe3 Bxd5 28. Qb6 Qxb6
29. Bxb6 Rdb8 30. Be3 Nc7 31. Bc5 Rb7 32. Bd6 Bf3 33. Rd4 Nd5 34. Kf2 Nxc3 35.
bxc3 Bd5 36. Bb1 f6 37. Be4 Bxe4 38. exf6 Bxf6 39. Rxe4 Rd7 40. Bb4 Rd2+ 41. Kg1
Kf7 42. Rce1 Re8 43. R1e2 Rxe2 44. Rxe2 Rd8 45. Re3 Rd2 46. g4 h5 47. h3 Bd8 48.
Re5 Rd5 49. Re2 Bc7 50. Re4 Rd3 51. Kg2 h4 52. f5 Rg3+ 53. Kf1 e5 54. g5 gxf5
55. Rxh4 Rxg5 56. Rh6 e4 57. Rc6 Bd8 58. h4 Rg6 59. Rc5 Bxh4 60. Rxf5+ Rf6 0-1

[Event "TCh-RUS Premier 2019"]
[Site "Sochi RUS"]
[Date "2019.05.01"]
[Round "1.1"]
[Board "3"]
[White "Esipenko, Andrey"]
[Black "Pershin, Denis"]
[Result "0-1"]
[WhiteTitle "GM"]
[WhiteElo "2620"]
[BlackElo "2409"]
[WhiteTeam "Molodezhka (Tyumen region)"]
[BlackTeam "SShOR (St. Petersburg)"]
[WhiteFideId "24175439"]
[BlackFideId "24165506"]
[EventDate "2019.05.01"]

1. e4 c6 2. d4 d5 3. e5 Bf5 4. Nd2 e6 5. Nb3 Nd7 6. Nf3 h6 7. Be2 Ne7 8. O-O g5
9. a4 Bg7 10. a5 Qc7 11. c3 f6 12. exf6 Bxf6 13. Ne1 O-O-O 14. Bg4 h5 15. Bxf5
Nxf5 16. Nd3 e5 17. Nbc5 Nxc5 18. Nxc5 Rde8 19. Qf3 Qh7 20. a6 b6 21. Nb7 Kc7
22. dxe5 Rxe5 23. Be3 Re4 24. Rae1 g4 25. Qd1 Nxe3 26. Rxe3 Rxe3 27. fxe3 Bg5
28. Kh1 Re8 29. c4 Qe4 30. c5 bxc5 31. Qe1 Qxe3 32. Qa5+ Kb8 33. Nxc5 Qe2 34.
Qb4+ Qb5 35. Qxb5+ cxb5 36. g3 Re2 37. Nd3 Kc7 38. Rf5 Be3 39. Rxd5 Rd2 40. h4
gxh3 41. Nb4 Rxb2 42. Rxb5 Kd6 43. Rd5+ Ke6 44. Re5+ Kxe5 45. Nd3+ Kd5 46. Nxb2
Kc5 47. Kh2 Kb5 48. Kxh3 Bd4 49. Nd3 Kxa6 50. g4 hxg4+ 51. Kxg4 Kb5 52. Kf3 Kc4
53. Ke2 Kc3 54. Nf4 Kc2 55. Nd5 a5 56. Nc7 a4 57. Nb5 Be5 58. Na3+ Kb3 59. Nb1
Bc3 60. Kd1 Ba5 61. Kc1 Bb4 0-1

[Event "TCh-RUS Premier 2019"]
[Site "Sochi RUS"]
[Date "2019.05.01"]
[Round "1.2"]
[Board "1"]
[White "Schekachikhin, Maksim"]
[Black "Matlakov, Maxim"]
[Result "1-0"]
[WhiteTitle "IM"]
[BlackTitle "GM"]
[WhiteElo "2424"]
[BlackElo "2697"]
[WhiteTeam "Muzhskoe Dvizhenie (St. Petersburg)"]
[BlackTeam "Mednyi vsadnik (St. Petersburg)"]
[WhiteFideId "24177830"]
[BlackFideId "4168003"]
[EventDate "2019.05.01"]

1. d4 d5 2. c4 e6 3. Nc3 Bb4 4. cxd5 exd5 5. Bf4 c6 6. e3 Bf5 7. Bd3 Bxd3 8.
Qxd3 Nf6 9. Ne2 Nbd7 10. a3 Be7 11. h3 a5 12. g4 Nb6 13. Ng3 O-O 14. g5 Ne8 15.
h4 Nc4 16. Qc2 g6 17. Nce2 a4 18. Nc1 Qa5+ 19. Kf1 Qb5 20. Nd3 Nxb2 21. Qxb2
Qxd3+ 22. Kg2 Nd6 23. Bxd6 Bxd6 24. Qxb7 Rfc8 25. h5 Bc7 26. hxg6 Qxg6 27. Qb1
c5 28. Nf5 Bd8 29. f4 Rab8 30. Nh6+ Kg7 31. Qf5 cxd4 32. Qe5+ f6 33. Nf5+ Kh8
34. Rxh7+ 1-0

[Event "TCh-RUS Premier 2019"]
[Site "Sochi RUS"]
[Date "2019.05.01"]
[Round "1.2"]
[Board "2"]
[White "Rodshtein, Maxim"]
[Black "Duzhakov, Ilya"]
[Result "1/2-1/2"]
[WhiteTitle "GM"]
[BlackTitle "IM"]
[WhiteElo "2699"]
[BlackElo "2388"]
[WhiteTeam "Mednyi vsadnik (St. Petersburg)"]
[BlackTeam "Muzhskoe Dvizhenie (St. Petersburg)"]
[WhiteFideId "2806851"]
[BlackFideId "4192516"]
[EventDate "2019.05.01"]

1. e4 c5 2. Nc3 d6 3. Nge2 Nf6 4. d4 cxd4 5. Nxd4 a6 6. Bd3 g6 7. f3 Bg7 8. Be3
Nc6 9. Qd2 O-O 10. O-O-O d5 11. Qe1 Nxd4 12. Bxd4 dxe4 13. Bxe4 Qc7 14. Qg3 Qa5
15. Rhe1 Be6 16. Qe5 Qxe5 17. Bxe5 Nxe4 18. Rxe4 Rac8 19. Bxg7 Kxg7 20. a4 Rc6
21. Rb4 b6 22. Ne2 Rfc8 23. Rd2 a5 24. Rbd4 Bf5 25. Nc3 h5 26. Re2 Kf8 27. h3
Be6 28. Red2 f6 29. Kd1 Kf7 30. h4 Bf5 31. Ne4 R8c7 32. b3 Bxe4 33. Rxe4 Rc3 34.
Red4 R7c6 35. Rd7 g5 36. hxg5 fxg5 37. Re2 Re6 38. Rxe6 Kxe6 39. Rb7 Rc6 40. Kd2
Kf6 41. c3 1/2-1/2

[Event "TCh-RUS Premier 2019"]
[Site "Sochi RUS"]
[Date "2019.05.01"]
[Round "1.2"]
[Board "3"]
[White "Vlasenko, Miroslav"]
[Black "Najer, Evgeniy"]
[Result "0-1"]
[WhiteTitle "IM"]
[BlackTitle "GM"]
[WhiteElo "2424"]
[BlackElo "2674"]
[WhiteTeam "Muzhskoe Dvizhenie (St. Petersburg)"]
[BlackTeam "Mednyi vsadnik (St. Petersburg)"]
[WhiteFideId "4151887"]
[BlackFideId "4118987"]
[EventDate "2019.05.01"]

1. d4 Nf6 2. Nc3 d5 3. Bf4 e6 4. e3 a6 5. Nf3 c5 6. dxc5 Bxc5 7. Bd3 Nc6 8. O-O
Bd6 9. Re1 e5 10. Bg3 O-O 11. e4 d4 12. Nd5 h6 13. Nh4 Nb4 14. Nxf6+ Qxf6 15.
Bc4 Nc6 16. Qd3 Be6 17. Bxe6 Qxe6 18. Nf5 Rfd8 19. Nxd6 Qxd6 20. a3 Rac8 21. Re2
Na5 22. Rb1 Nc4 23. b4 b5 24. Rf1 Qe7 25. Qb3 h5 26. h4 Nb6 27. Rd1 Rc3 28. Qa2
g5 29. f3 gxh4 30. Be1 Rc6 31. Rd3 Nc4 32. c3 Rg6 33. cxd4 Rxd4 34. Qb1 h3 35.
f4 Qd7 36. Rxd4 Qxd4+ 37. Kh2 exf4 38. e5 f3 39. Qe4 Qxe4 40. Rxe4 f2 0-1

[Event "TCh-RUS Premier 2019"]
[Site "Sochi RUS"]
[Date "2019.05.01"]
[Round "1.2"]
[Board "4"]
[White "Ponkratov, Pavel"]
[Black "Lintchevski, Daniil"]
[Result "1/2-1/2"]
[WhiteTitle "GM"]
[BlackTitle "GM"]
[WhiteElo "2640"]
[BlackElo "2525"]
[WhiteTeam "Mednyi vsadnik (St. Petersburg)"]
[BlackTeam "Muzhskoe Dvizhenie (St. Petersburg)"]
[WhiteFideId "4157800"]
[BlackFideId "4171055"]
[EventDate "2019.05.01"]

1. Nf3 d5 2. g3 Bg4 3. Bg2 c6 4. h3 Bh5 5. O-O Nd7 6. d3 Ngf6 7. c4 Bxf3 8. Bxf3
dxc4 9. d4 e5 10. Nc3 exd4 11. Qxd4 Nb6 12. Qe5+ Qe7 13. Qf4 Qe6 14. Rd1 Be7 15.
Qc7 Qc8 16. Qxc8+ Rxc8 17. Be3 O-O 18. a4 Nbd7 19. Bxa7 Bc5 20. Bxc5 Nxc5 21. a5
Rfd8 22. e3 Nfd7 23. Bg4 Ra8 24. f4 Kf8 25. Bxd7 Rxd7 26. Rxd7 Nxd7 27. Ra4 Nc5
28. Rxc4 Rxa5 29. b4 Ra1+ 30. Kf2 Nd7 31. Rd4 Ke7 32. Ne4 g6 33. g4 Rh1 34. Nd6
c5 35. bxc5 Nxc5 36. Nc8+ Kf8 37. Rd8+ Kg7 38. Nd6 h6 39. Rc8 Ne6 40. Re8 Rd1
41. Nxb7 Rd2+ 42. Kf3 Rh2 43. Nd6 Rxh3+ 44. Ke4 Kf6 45. Ra8 Ke7 46. Nc4 Nc5+ 47.
Kd5 Nd7 48. Ra7 Rh1 49. Nb6 Rd1+ 50. Ke4 Kd8 51. Ra8+ Ke7 52. Ra7 Kd8 53. Nxd7
Rxd7 54. Ra8+ Ke7 55. Rh8 h5 56. gxh5 gxh5 57. Rxh5 Ra7 58. Rb5 Ra6 59. Kd4 Ke6
60. e4 Ra4+ 61. Kd3 Ra3+ 62. Kc4 Ra4+ 63. Rb4 Ra6 64. Kc5 Ra5+ 65. Kd4 Ra6 66.
Rc4 f6 67. Rc7 Ra4+ 68. Ke3 Ra3+ 69. Ke2 Ra4 70. Kf3 Ra3+ 71. Kf2 Ra4 72. Ke3
Ra3+ 73. Kd4 Ra4+ 74. Rc4 Ra6 75. f5+ Kd6 76. Rb4 Ra7 77. Rb1 Ke7 78. Rh1 Ra4+
79. Ke3 Ra3+ 80. Kf4 Ra2 81. Rh7+ Kf8 82. Rc7 Ra1 83. Ke3 Rd1 84. Ra7 Ke8 85.
Kf3 Kf8 86. Kg4 1/2-1/2

[Event "TCh-RUS Premier 2019"]
[Site "Sochi RUS"]
[Date "2019.05.01"]
[Round "1.2"]
[Board "5"]
[White "Levin, Evgeny A."]
[Black "Alekseenko, Kirill"]
[Result "0-1"]
[WhiteTitle "GM"]
[BlackTitle "GM"]
[WhiteElo "2516"]
[BlackElo "2636"]
[WhiteTeam "Muzhskoe Dvizhenie (St. Petersburg)"]
[BlackTeam "Mednyi vsadnik (St. Petersburg)"]
[WhiteFideId "4182596"]
[BlackFideId "4135539"]
[EventDate "2019.05.01"]

1. d4 Nf6 2. c4 g6 3. Nc3 d5 4. cxd5 Nxd5 5. Bd2 Bg7 6. e4 Nxc3 7. Bxc3 O-O 8.
Qd2 Nd7 9. Nf3 b6 10. Bd3 e6 11. O-O c5 12. Rfd1 Bb7 13. Qe3 Qe7 14. Be2 Rac8
15. Rac1 Rfd8 16. dxc5 Bxc3 17. Rxc3 Nxc5 18. Rdc1 Qd7 19. e5 a5 20. h3 Bxf3 21.
Bxf3 Qd2 22. Qxd2 Rxd2 23. Rb3 Rcd8 24. Rxb6 Nd3 25. Rd1 Nxb2 26. Rxb2 Rxd1+ 27.
Bxd1 Rxd1+ 28. Kh2 Rd4 29. Kg3 g5 30. Kf3 h5 31. Ke3 Ra4 32. g3 Ra3+ 33. Ke4 h4
34. gxh4 Ra4+ 35. Ke3 Rxh4 36. f3 Kg7 37. Rg2 Kg6 38. Rg4 Rxh3 39. Ra4 Kf5 40.
Kf2 Kxe5 41. Rxa5+ Kf4 42. Ra4+ Kf5 43. Kg2 Rh8 44. Ra7 f6 45. a4 Rb8 46. a5 Kf4
47. Ra6 Rb2+ 48. Kf1 Kxf3 49. Rxe6 f5 50. Re5 f4 51. a6 Ra2 0-1

[Event "TCh-RUS Premier 2019"]
[Site "Sochi RUS"]
[Date "2019.05.01"]
[Round "1.3"]
[Board "1"]
[White "Inarkiev, Ernesto"]
[Black "Riazantsev, Alexander"]
[Result "1-0"]
[WhiteTitle "GM"]
[BlackTitle "GM"]
[WhiteElo "2691"]
[BlackElo "2653"]
[WhiteTeam "ShSM Legacy Square Capital (Moscow)"]
[BlackTeam "HQ Sima-land (Sverdlovsk region)"]
[WhiteFideId "4162722"]
[BlackFideId "4125029"]
[EventDate "2019.05.01"]

1. c4 e6 2. Nc3 d5 3. d4 Bb4 4. a3 Bxc3+ 5. bxc3 Ne7 6. e3 O-O 7. Bd3 c5 8. Nf3
Nd7 9. O-O dxc4 10. Bxc4 Qc7 11. Qe2 b6 12. e4 Bb7 13. Bd3 Ng6 14. g3 h6 15. a4
Rfd8 16. a5 bxa5 17. Be3 Rab8 18. Ra2 Bc6 19. Nd2 a4 20. h4 a6 21. Bxa6 Qa5 22.
Rc1 Nf6 23. Bd3 Qa8 24. f3 cxd4 25. cxd4 Rdc8 26. Kg2 Bd7 27. Nc4 Ne8 28. h5 Nf8
29. Ne5 Rxc1 30. Bxc1 Nf6 31. Nxd7 N8xd7 32. Bb5 Nb6 33. g4 Rc8 34. Bd2 Ne8 35.
Bb4 Nc7 36. Bd3 Qc6 37. Rc2 Qa8 38. Rc5 Ne8 39. Ra5 Qb8 40. Ba6 Rd8 41. Be7 Rxd4
42. Qb2 Rd1 43. Be2 Rd7 44. Bc5 Rb7 45. Rb5 a3 46. Bxa3 Nd6 47. Rb4 Nd7 48. e5
Rxb4 49. Qxb4 Qxb4 50. Bxb4 Nc8 51. f4 Ncb6 52. Kf3 Nd5 53. Bd6 f6 54. Bb5 N7b6
55. exf6 Nxf6 56. Bd3 Nbd5 57. Bg6 Nh7 58. Ba3 Nf8 59. Bc2 Kf7 60. g5 hxg5 61.
fxg5 Ne7 62. Kf4 Nd7 63. Bb2 Nd5+ 64. Kf3 Ne7 65. Kg4 Nf5 66. Kf4 Nf8 67. Ba4
Nd6 68. Ba3 Nf5 69. Bc5 Nh4 70. Bc6 Nf5 71. Bb5 Nh4 72. Ba4 Nf5 73. Bc6 Ne7 74.
Be4 Nd7 75. Ba3 Nd5+ 76. Kg3 Kg8 77. Bd3 Ne5 78. Bb5 Nf7 79. Kh4 Ne5 80. Bb2 Nc7
81. Ba4 Nd3 82. Bd4 Nf4 83. Bd7 Nfd5 84. Kg4 Kh7 85. Ba4 Kg8 86. Be5 Ne3+ 87.
Kf3 Ned5 88. Ke4 Kf7 89. Kd4 Ne8 90. Bxe8+ Kxe8 91. Bxg7 Nf4 92. h6 Kf7 93. Be5 1-0

[Event "TCh-RUS Premier 2019"]
[Site "Sochi RUS"]
[Date "2019.05.01"]
[Round "1.3"]
[Board "2"]
[White "Lysyj, Igor"]
[Black "Malakhov, Vladimir"]
[Result "0-1"]
[WhiteTitle "GM"]
[BlackTitle "GM"]
[WhiteElo "2642"]
[BlackElo "2660"]
[WhiteTeam "HQ Sima-land (Sverdlovsk region)"]
[BlackTeam "ShSM Legacy Square Capital (Moscow)"]
[WhiteFideId "4150120"]
[BlackFideId "4120787"]
[EventDate "2019.05.01"]

1. d4 d5 2. c4 c6 3. cxd5 cxd5 4. Bf4 Nc6 5. Nc3 Nf6 6. e3 a6 7. Rc1 e6 8. Bd3
Be7 9. Nf3 O-O 10. h3 Bd6 11. O-O Bxf4 12. exf4 Qd6 13. Ne5 Bd7 14. Nxc6 Bxc6
15. Qd2 Ne4 16. Qe3 Qb4 17. Nxe4 dxe4 18. Bxe4 Bxe4 19. Qxe4 Qxb2 20. Rc2 Qb4
21. Rc5 Rad8 22. Rb1 Qa4 23. Qxb7 Qxa2 24. Rbc1 g6 25. R5c2 Qa3 26. Rc3 Qa5 27.
Rc5 Qd2 28. g3 a5 29. Qb5 Ra8 30. Qa4 Rfb8 31. R5c2 Qd3 32. Rc3 Qd2 33. R3c2 Qb4
34. Ra1 Ra7 35. Rc5 Qd2 36. Rb5 Rxb5 37. Qxb5 Ra8 38. Qa4 Qc3 39. Kg2 Qb2 40.
Ra2 Qb7+ 41. Kh2 Qf3 42. h4 h6 43. Qc2 Qd5 44. Ra4 Rb8 45. Rc4 Kg7 46. Qe2 Kh7
47. Rc7 Rb1 48. f3 Rb7 49. Rxb7 Qxb7 50. Qc2 Kg7 51. Kg2 Qb5 52. Qc3 Qb4 53. Qc7
Qd2+ 54. Kh3 Qe1 55. Kg2 Qe2+ 0-1

[Event "TCh-RUS Premier 2019"]
[Site "Sochi RUS"]
[Date "2019.05.01"]
[Round "1.3"]
[Board "3"]
[White "Dreev, Aleksey"]
[Black "Sarana, Alexey"]
[Result "1/2-1/2"]
[WhiteTitle "GM"]
[BlackTitle "GM"]
[WhiteElo "2662"]
[BlackElo "2636"]
[WhiteTeam "ShSM Legacy Square Capital (Moscow)"]
[BlackTeam "HQ Sima-land (Sverdlovsk region)"]
[WhiteFideId "4100107"]
[BlackFideId "24133795"]
[EventDate "2019.05.01"]

1. d4 Nf6 2. c4 g6 3. Nc3 d5 4. Nf3 Bg7 5. Bf4 O-O 6. Rc1 dxc4 7. e3 Be6 8. Ng5
Bd5 9. e4 h6 10. exd5 hxg5 11. Bxg5 Nxd5 12. Bxc4 Nb6 13. Bb3 Nc6 14. d5 Nd4 15.
O-O Nxb3 16. Qxb3 Bxc3 17. bxc3 Qxd5 18. Bxe7 Rfe8 19. c4 Nxc4 20. Rfd1 Qf5 21.
Rxc4 Rxe7 22. Qxb7 Rae8 23. Rcc1 Qa5 24. g3 Qxa2 25. Ra1 Qc4 26. Qxa7 c5 27. Qa3
Qb4 28. Qxb4 cxb4 29. Rab1 Rb7 30. Rd4 b3 31. Rb2 Re5 32. Rd3 Reb5 33. h4 Kg7
34. Kg2 f5 35. f4 R7b6 36. Re3 Kf6 37. Kf3 Rb4 38. Kf2 R4b5 39. Kf3 Rb4 40. Kf2
R4b5 1/2-1/2

[Event "TCh-RUS Premier 2019"]
[Site "Sochi RUS"]
[Date "2019.05.01"]
[Round "1.3"]
[Board "4"]
[White "Oparin, Grigoriy"]
[Black "Zvjaginsev, Vadim"]
[Result "1/2-1/2"]
[WhiteTitle "GM"]
[BlackTitle "GM"]
[WhiteElo "2624"]
[BlackElo "2635"]
[WhiteTeam "HQ Sima-land (Sverdlovsk region)"]
[BlackTeam "ShSM Legacy Square Capital (Moscow)"]
[WhiteFideId "24125890"]
[BlackFideId "4113403"]
[EventDate "2019.05.01"]

1. Nf3 Nf6 2. g3 c5 3. Bg2 Nc6 4. c4 g6 5. d4 cxd4 6. Nxd4 Bg7 7. O-O h5 8. h3
O-O 9. Nc3 d6 10. Be3 Bd7 11. Rc1 Re8 12. b3 Nxd4 13. Bxd4 Bc6 14. e4 Bh6 15.
Rc2 h4 16. Bxf6 exf6 17. gxh4 Re5 18. f4 Rh5 19. Qg4 f5 20. exf5 Bd7 21. Be4 Bg7
22. Nd5 Rxh4 23. Qg3 gxf5 24. Rg2 Rh7 25. Bd3 Kh8 26. Kh2 Bd4 27. Qe1 Qh4 28.
Qxh4 Rxh4 29. Re1 Bc6 30. Re7 Rf8 31. Bxf5 Bxd5 32. cxd5 Rxf4 33. Rg4 Rf2+ 34.
Kg3 Bb6 35. Rf4 Rxa2 36. Be6 Rf2 37. Rxf2 Bxf2+ 38. Kxf2 fxe6+ 39. Ke3 exd5 40.
Rxb7 a5 41. Kd4 Ra8 42. Kxd5 a4 43. bxa4 Rxa4 44. Kxd6 1/2-1/2

[Event "TCh-RUS Premier 2019"]
[Site "Sochi RUS"]
[Date "2019.05.01"]
[Round "1.3"]
[Board "5"]
[White "Kobalia, Mikhail"]
[Black "Predke, Alexandr"]
[Result "0-1"]
[WhiteTitle "GM"]
[BlackTitle "GM"]
[WhiteElo "2610"]
[BlackElo "2626"]
[WhiteTeam "ShSM Legacy Square Capital (Moscow)"]
[BlackTeam "HQ Sima-land (Sverdlovsk region)"]
[WhiteFideId "4119150"]
[BlackFideId "24107581"]
[EventDate "2019.05.01"]

1. e4 e5 2. Nf3 Nc6 3. Bc4 Bc5 4. O-O Nf6 5. d3 d6 6. c3 a6 7. a4 Ba7 8. Re1 Ng4
9. Re2 Qf6 10. Na3 O-O 11. Nc2 Kh8 12. h3 Nh6 13. Bg5 Qg6 14. Qd2 f5 15. Bxh6
Qxh6 16. Qxh6 gxh6 17. Nh4 Ne7 18. Nxf5 Nxf5 19. exf5 Bxf5 20. Rd1 h5 21. Bb3 h4
22. Kf1 Bg6 23. d4 Rf4 24. Ne3 c6 25. dxe5 dxe5 26. Ng4 Raf8 27. Rdd2 e4 28. Bc2
Bf5 29. Ne3 Be6 30. Ke1 a5 31. Nd1 Bd5 32. Ne3 Be6 33. Nd1 Bd5 34. Ne3 Bf7 35.
Ng4 Bg6 36. Rd7 Bf5 37. Rxb7 Bxg4 38. hxg4 Bxf2+ 39. Kd1 e3 40. Bf5 Rxa4 41.
Rxh7+ Kg8 42. Rd7 Re8 43. Kc2 Re5 44. Rd4 Ra1 45. Re4 Rc5 46. Rf4 Kg7 47. Bd3 a4
48. Rf5 Rd5 49. Rxd5 cxd5 50. c4 Rg1 51. c5 Kf6 52. Bf5 Ke7 53. Kd3 Rxg2 54. Rc2
h3 55. c6 h2 0-1

[Event "TCh-RUS Premier 2019"]
[Site "Sochi RUS"]
[Date "2019.05.01"]
[Round "1.3"]
[Board "6"]
[White "Khismatullin, Denis"]
[Black "Grachev, Boris"]
[Result "1-0"]
[WhiteTitle "GM"]
[BlackTitle "GM"]
[WhiteElo "2619"]
[BlackElo "2615"]
[WhiteTeam "HQ Sima-land (Sverdlovsk region)"]
[BlackTeam "ShSM Legacy Square Capital (Moscow)"]
[WhiteFideId "4142578"]
[BlackFideId "4129199"]
[EventDate "2019.05.01"]

1. c4 e6 2. Nc3 d5 3. d4 Nf6 4. cxd5 exd5 5. Bg5 c6 6. e3 Nbd7 7. Bd3 Be7 8.
Nge2 O-O 9. Qc2 Re8 10. O-O Nf8 11. Rae1 Ng4 12. Bxe7 Qxe7 13. h3 Nf6 14. Ng3
Be6 15. f3 c5 16. dxc5 Qxc5 17. Nb5 Qxc2 18. Bxc2 Red8 19. Rf2 a6 20. Nd4 Rac8
21. Rd2 N8d7 22. Red1 Ne5 23. b3 Nc6 24. Bb1 g6 25. Kf2 Nxd4 26. Rxd4 Rd7 27.
Ne2 Rdc7 28. h4 h6 29. g4 g5 30. Rh1 Kg7 31. Rdd1 Re8 32. Nd4 Kf8 33. Bf5 Ke7
34. hxg5 hxg5 35. Rh6 Rg8 36. Rdh1 Rcc8 37. a4 Rc7 38. a5 Rcc8 39. b4 Rce8 40.
b5 axb5 41. Rb1 Rh8 42. Rxh8 Rxh8 43. Rxb5 Nd7 44. Rxb7 Ra8 45. Bd3 Kd6 46. a6
Ne5 47. Be2 Bd7 48. Nb5+ Bxb5 49. Bxb5 Kc5 50. Be2 f6 51. f4 gxf4 52. exf4 Nc6
53. Rf7 Rb8 54. Rxf6 Rb2 55. Ke1 Rb1+ 56. Kd2 Rb2+ 57. Kd1 Rb1+ 58. Kc2 Ra1 59.
Kb2 Rg1 60. Re6 Rg2 61. Kc3 Rg3+ 62. Kd2 Ra3 63. g5 Nd4 64. Re8 Ra2+ 65. Ke1
Nxe2 66. Rxe2 Rxa6 67. f5 d4 68. f6 d3 69. f7 1-0

[Event "TCh-RUS Premier 2019"]
[Site "Sochi RUS"]
[Date "2019.05.01"]
[Round "1.4"]
[Board "2"]
[White "Alekseev, Evgeny"]
[Black "Nozdrachev, Vladislav"]
[Result "1-0"]
[WhiteTitle "GM"]
[BlackTitle "IM"]
[WhiteElo "2647"]
[BlackElo "2489"]
[WhiteTeam "Strazhi pravoporyadka (St. Petersburg)"]
[BlackTeam "Moskovskaya oblast"]
[WhiteFideId "4138147"]
[BlackFideId "24113441"]
[EventDate "2019.05.01"]

1. e4 e5 2. Nf3 Nc6 3. Bb5 a6 4. Ba4 d6 5. O-O Bd7 6. c3 g6 7. d4 Bg7 8. Be3 Nf6
9. Nbd2 O-O 10. Re1 Qe8 11. Bxc6 Bxc6 12. dxe5 Nxe4 13. Nxe4 Bxe4 14. exd6 cxd6
15. Qxd6 Bxf3 16. gxf3 Qb5 17. Qb6 Qh5 18. Kg2 Be5 19. h3 Rae8 20. Rad1 Re6 21.
Qb4 Rfe8 22. Qg4 Qxg4+ 23. fxg4 Bf4 24. Kf3 Bxe3 25. Rxe3 Rxe3+ 26. fxe3 Re6 27.
c4 Rc6 28. b3 b5 29. Rc1 bxc4 30. Rxc4 Rd6 31. Ke2 Kg7 32. b4 Kf6 33. Rf4+ Ke6
34. g5 Ke7 35. a4 Rc6 36. Kd2 Rc8 37. h4 h6 38. Re4+ Kd6 39. Rd4+ Ke7 40. gxh6
Rh8 41. Kc3 1-0

[Event "TCh-RUS Premier 2019"]
[Site "Sochi RUS"]
[Date "2019.05.01"]
[Round "1.4"]
[Board "3"]
[White "Geller, Jakov"]
[Black "Rakhmanov, Aleksandr"]
[Result "1/2-1/2"]
[WhiteTitle "GM"]
[BlackTitle "GM"]
[WhiteElo "2518"]
[BlackElo "2629"]
[WhiteTeam "Moskovskaya oblast"]
[BlackTeam "Strazhi pravoporyadka (St. Petersburg)"]
[WhiteFideId "4151984"]
[BlackFideId "4173708"]
[EventDate "2019.05.01"]

1. e4 e5 2. Nf3 Nf6 3. Nxe5 d6 4. Nf3 Nxe4 5. d4 d5 6. Bd3 Bf5 7. O-O Be7 8. Re1
O-O 9. c4 Nc6 10. Nc3 Nxc3 11. bxc3 Bxd3 12. Qxd3 dxc4 13. Qxc4 Qd7 14. Bf4 Bd6
15. Bxd6 cxd6 16. Rab1 b6 17. Qb5 Rac8 18. c4 Rfd8 19. h3 Na5 20. Rbc1 h6 21.
Nd2 Qxb5 22. cxb5 d5 23. Rxc8 Rxc8 24. Nb3 Nxb3 25. axb3 f6 26. Re7 Rc3 27. Rxa7
Rxb3 28. Kf1 Rxb5 29. Ke2 h5 30. h4 Kh7 31. Rd7 Kh6 32. Ke3 g5 33. Rd6 Kg6 34.
hxg5 Kxg5 35. g3 Kf5 36. f3 Rb3+ 37. Ke2 Rb2+ 38. Ke3 Rb3+ 39. Ke2 Rb2+ 40. Ke3
Rb5 41. Ke2 Kg6 42. Rd7 Kg5 43. Rd6 Rb2+ 44. Ke3 Rb3+ 45. Ke2 f5 46. Rxd5 h4 47.
gxh4+ Kf4 48. h5 Re3+ 49. Kd2 Re6 50. Kd3 Rh6 51. Rb5 Rxh5 52. Rxb6 Kxf3 1/2-1/2

[Event "TCh-RUS Premier 2019"]
[Site "Sochi RUS"]
[Date "2019.05.01"]
[Round "1.4"]
[Board "4"]
[White "Kokarev, Dmitry"]
[Black "Chernobay, Artem"]
[Result "1-0"]
[WhiteTitle "GM"]
[BlackTitle "GM"]
[WhiteElo "2605"]
[BlackElo "2503"]
[WhiteTeam "Strazhi pravoporyadka (St. Petersburg)"]
[BlackTeam "Moskovskaya oblast"]
[WhiteFideId "4132181"]
[BlackFideId "4167406"]
[EventDate "2019.05.01"]

1. e4 c5 2. Nf3 d6 3. d4 cxd4 4. Nxd4 Nf6 5. Nc3 a6 6. h3 e5 7. Nde2 h5 8. g3
Be6 9. Bg2 b5 10. O-O Nbd7 11. Be3 Be7 12. Nd5 Nxd5 13. exd5 Bf5 14. f4 Rc8 15.
c3 Bh7 16. a4 O-O 17. axb5 axb5 18. Ra6 exf4 19. gxf4 Nc5 20. Rc6 Bh4 21. f5 Re8
22. Bf2 Ra8 23. Nd4 Bxf2+ 24. Rxf2 Qg5 25. Qf3 Ra1+ 26. Kh2 Qc1 27. Rf1 Qxb2 28.
Rxa1 Qxa1 29. Nxb5 Nd7 30. Nxd6 Rf8 31. Qf4 Qe1 32. Ne4 f6 33. Rc7 Ne5 34. Qg3
Qxg3+ 35. Nxg3 h4 36. Nh5 Rf7 37. d6 Rxc7 38. dxc7 Bxf5 39. Bb7 Kf7 40. Nf4 Ke7
41. c8=Q Bxc8 42. Bxc8 g6 43. Nd5+ Kf7 44. Kg2 f5 45. Kf2 Nc4 46. Kf3 Nd6 47.
Bd7 Ne4 48. Ke3 Nc5 49. Bc8 Ne4 50. c4 Nd6 51. Ba6 Ne4 52. Kd4 g5 53. c5 g4 54.
hxg4 h3 55. Bf1 Nxc5 56. Kxc5 fxg4 57. Ne3 1-0